Arqueología de la identidad /

Este libro aborda aspectos estructurales e históricos que superan el marco de la Prehistoria y de la Arqueología, en la convicción de que debe existir una coherencia entre la relación material con la realidad y la percepción de esa misma realidad para que la supervivencia de un grupo humano sea efic...

Full description

Bibliographic Details
Main Author: Hernando, Almudena
Format: Libro
Language:Spanish
Published: Madrid Akal 2002
Series:Akal. Arqueología 1
Subjects:
Online Access:

MARC

LEADER 00000cam a2200000 a 4500
001 022643
003 UAHC_CL
005 20170803122138.0
008 071023s 2002sp 000 spa
020 |a 8446016540 
040 |a UAHC_CL  |c UAHC_CL  |d UAHC_CL 
082 0 4 |a 930.1  |2 20 
100 1 |a Hernando, Almudena 
245 1 0 |a Arqueología de la identidad /  |c Almudena Hernando. 
260 |b Akal  |a Madrid  |c 2002 
300 |a 224 p. 
490 0 |a Akal. Arqueología  |v 1 
520 |a Este libro aborda aspectos estructurales e históricos que superan el marco de la Prehistoria y de la Arqueología, en la convicción de que debe existir una coherencia entre la relación material con la realidad y la percepción de esa misma realidad para que la supervivencia de un grupo humano sea eficaz. El objetivo último de la obra es demostrar que la estructura de construcción de la identidad de todos los seres humanos es siempre la misma, pero que dependiendo del grado en que controlen materialmente la naturaleza en la que viven, adoptará diferentes modelaciones. 
521 |a Origen y evolución del hombre 
521 |a Culturas originarias de América 
521 |a Nucleo de Investigación de la realidad Insular 
650 4 |a CIVILIZACION ANTIGUA 
650 4 |a ARQUEOLOGIA  |x ASPECTOS SOCIALES 
653 |a ANTROPOLOGIA 
658 |a Seelenfreund, Andrea 
900 |a 930.1 HER 
942 |c BK 
952 |0 0  |1 0  |4 0  |6 930_100000000000000_HER  |7 0  |8 General  |9 45037  |a BC  |b BC  |c General  |d 2017-08-03  |l 0  |o 930.1 HER  |p 1360470  |r 2026-01-13 00:00:00  |t 1  |w 2017-08-03  |y BK 
952 |0 0  |1 0  |4 0  |6 930_100000000000000_HER  |7 0  |8 General  |9 45038  |a BC  |b BC  |c General  |d 2017-08-03  |l 0  |o 930.1 HER  |p 1360471  |r 2026-01-13 00:00:00  |t 2  |w 2017-08-03  |y BK 
999 |c 22643  |d 22643